000 00575nam a2200241Ia 4500
003 OSt
005 20221005122817.0
006 a|||||r|||| 00| 0
007 ta
008 221004b |||||||| |||| 00| 0 mar d
024 _a40473
037 _cTextual
040 _aCRL
_cCRL
_bmar
041 _2mar
_amar
082 _aU8.25213, 155A
100 _aMorar ji
_9632654
245 0 _aKashiparkash
260 _c1978
300 _a113p.
_ccm.
650 _aGEOGRAPHY
942 _hU8.25213, 155A
_cTEXL
_2cc
999 _c1045457
_d1045457